|
|
|
|
| LEADER |
00750nab a2200181 i 4500 |
| 001 |
misc11867 |
| 005 |
20191106141645.0 |
| 008 |
170607s1962 hu o 0|| hun d |
| 022 |
|
|
|a 0025-0260
|
| 040 |
|
|
|a SZTE Miscellanea Repozitórium
|b hun
|
| 041 |
|
|
|a hun
|
| 100 |
1 |
|
|a Juhász Ferenc
|
| 245 |
1 |
3 |
|a Az MTA Pedagógiai Bizottsága
|h [elektronikus dokumentum] :
|b Vita az Akadémián a magyar nevelési tervjavaslatról /
|c Juhász Ferenc
|
| 260 |
|
|
|c 1962
|
| 300 |
|
|
|a 130-134
|
| 490 |
0 |
|
|a Magyar pedagógia : a Magyar Tudományos Akadémia Pedagógiai Bizottságának folyóirata
|v 62 No. 1
|
| 695 |
|
|
|a Tanterv Magyarország vita, MTA Pedagógiai Bizottsága
|
| 856 |
4 |
0 |
|u http://misc.bibl.u-szeged.hu/11867/1/mp_1962_001_4414_130-134.pdf
|z Dokumentum-elérés
|